| 000 | 02398nam a22002417a 4500 | ||
|---|---|---|---|
| 003 | BJBSDDR | ||
| 005 | 20260422104539.0 | ||
| 007 | ta | ||
| 008 | 260422s2025 nyu||||| |||| 00| 0 eng d | ||
| 020 | _a9780593730324 | ||
| 020 | _a0593730321 | ||
| 040 |
_bspa _cBJBSDDR |
||
| 041 | _aeng | ||
| 050 | _bK17 2025 | ||
| 100 | 1 |
_aKaplan, Robert D. _q(Robert David), _d1952- _921125 |
|
| 245 | 1 | 0 |
_aWaste land a world in permanent crisis / _cRobert D. Kaplan |
| 260 |
_aNew York : _bRandom House, _c2025 |
||
| 300 |
_a207 pages ; _c24 cm |
||
| 505 | _a Weimar goes global The great powers in decline Crowds in chaos | ||
| 520 | _aWe are entering a new era of global cataclysm in which the world faces a deadly mix of war, climate change, great power rivalry, rapid technological advancement, the end of both monarchy and empire, and countless other dangers. In Waste Land, Robert D. Kaplan, geopolitical expert and author of more than twenty books on world affairs, incisively explains how we got here and where we are going. Kaplan makes a novel argument that the current geopolitical landscape must be considered alongside contemporary social phenomena such as urbanization and digital news media, grounding his ideas in foundational modern works of philosophy, politics, and literature, including the poem from which the title is borrowed, and celebrating a canon of traditionally conservative thinkers, including Alexander Solzhenitsyn, Jeane Kirkpatrick, and many others. As in many of his books, Kaplan looks to history and literature to inform the present, drawing particular comparisons between today's challenges and the Weimar Republic, the post-World War I democratic German government that fell to Nazism in the 1930s. Just as in Weimar, which faced myriad crises inextricably bound up with global systems, the singular dilemmas of the twenty-first century-pandemic disease, recession, mass migration, the destabilizing effects of large-scale democracy and great power conflicts, and the intimate bonds created by technology-mean that every disaster in one country has the potential to become a global crisis, too. According to Kaplan, the solutions lie in prioritizing order in governing systems, arguing that stability and historic liberalism rather than mass democracy per se will save global populations from an anarchic future. | ||
| 942 |
_2lcc _n0 _cBK |
||
| 946 | _icmc | ||
| 999 |
_c126884 _d126884 |
||